Statistiken für Die 50 größten Städte in Preußen

Klicken Sie hier um das Quiz zu spielen!

Allgemein

  • Dieses Quiz wurde 397 mal gespielt
    (215 seit der letzten Aktualisierung)
  • Das Durchschnittsergebnis liegt bei 28 aus 50

Antwortstatistiken

BevölkerungszahlStadt% Korrekt
3.677.500Berlin
99%
1.073.100Köln
91%
586.900Dortmund
85%
619.500Düsseldorf
84%
470.900Danzig
83%
579.500Essen
82%
536.000Hannover
81%
183.200Potsdam
81%
759.300Frankfurt am Main
80%
498.300Königsberg
78%
495.200Duisburg
77%
642.000Breslau
75%
331.900Bonn
72%
236.200Magdeburg
72%
249.100Aachen
70%
334.100Bielefeld
67%
246.300Kiel
67%
317.800Münster
66%
398.300Stettin
66%
363.500Bochum
64%
260.200Gelsenkirchen
62%
354.600Wuppertal
62%
261.100Mönchengladbach
61%
532.100Posen
60%
200.500Kassel
59%
163.900Leverkusen
59%
165.100Osnabrück
58%
238.100Halle (Saale)
57%
208.800Oberhausen
55%
152.600Paderborn
55%
179.300Hamm
53%
279.000Wiesbaden
51%
188.800Hagen
50%
227.100Krefeld
50%
170.800
Mülheim (Ruhr)
48%
213.300Erfurt
46%
156.700Herne
46%
159.000Solingen
41%
152.800Neuss
40%
290.600Kattowitz
34%
179.700Saarbrücken
27%
344.100Bromberg
23%
247.000Gdingen
22%
171.300Allenstein
21%
177.100Gleiwitz
21%
166.900Memel
15%
171.000Hindenburg O.S.
13%
198.700Thorn
13%
140.900Grünberg
10%
163.300Beuthen
9%

Verteilung der Resultate

Perzentil nach korrekt beantworteten Fragen

Anzahl Personen mit jedem Resultat

Ihre Resultats-Entwicklung

Sie haben dieses Quiz seit der letzten Aktualisierung nicht gespielt